| 000 | 00592nam a2200157 a 4500 | ||
|---|---|---|---|
| 001 | 000021712 | ||
| 005 | 20200930011424.0 | ||
| 008 | 100910s1962 dr 000 0 spa d | ||
| 040 |
_aDO-SdBNP _bspa _cBNPHU |
||
| 082 |
_axxx _bR426i |
||
| 110 | 1 |
_aRepública Dominicana _bSecretaría de Estado de Finanzas _932264 |
|
| 245 | 1 | 0 | _aInforme de la República Dominicana ante la reunión del consejo interamericano económico y social al nivel de expertos, México, octubre 1962. |
| 260 |
_aSanto Domingo : _bSecretaría de Estado de Finanzas, _c1962. |
||
| 300 |
_a48 p. ; _c23 cm. |
||
| 049 | _aBNPD | ||
| 999 |
_c21211 _d21211 |
||